000
00301 a2200145 4500
001
170324
020
_a
040
_c
Magnum
100
_a
Dainty, Peter
240
1
0
_a
The love of a king
_l
ING
245
1
0
_a
The love of a king
362
0
_a
1899
697
_a
LITERATURA ESTRANGEIRA
942
_c
BK
999
_c
170324
_d
170324